Statistics for Most Guessed Cities by Country #3

Click here to take the quiz!

General Stats

  • This quiz has been taken 8,061 times
  • The average score is 22 of 40

Answer Stats

Answer% Correct
Moscow
99%
Cairo
97%
Istanbul
96%
Warsaw
96%
St. Petersburg
95%
Vienna
94%
Ankara
92%
Wellington
91%
Auckland
87%
Islamabad
84%
Riyadh
83%
Alexandria
81%
Mecca
75%
Krakow
74%
Karachi
69%
Salzburg
63%
Christchurch
62%
Gdansk
58%
Lahore
57%
Jeddah
56%
Izmir
53%
Medina
53%
Luxor
49%
Vladivostok
48%
Innsbruck
46%
Volgograd
40%
Graz
38%
Antalya
37%
Lodz
35%
Giza
34%
Yekaterinburg
33%
Wroclaw
31%
Linz
30%
Bursa
19%
Aswan
18%
Dunedin
18%
Dammam
17%
Rawalpindi
15%
Hamilton
14%
Peshawar
10%

Score Distribution

Percentile by Number Answered

Percent of People with Each Score

Your Score History

You have not taken this quiz